| 000 | 00589nam a2200181 a 4500 | ||
|---|---|---|---|
| 001 | 000037342 | ||
| 005 | 20200930080313.0 | ||
| 008 | 120328s1968 xxuab r 001 0 spa d | ||
| 040 |
_aDO-SdBNP _bspa _cBNPHU |
||
| 082 |
_axxxx _bxxxx |
||
| 245 | 0 | 0 |
_aThe american indian today. / _ceditores Stuart Levine y Nancy Oestreich Lurie. |
| 260 |
_aBaltimore, Estados Unidos : _bPenguin, _c1968. |
||
| 300 |
_a352 p. : _bil. map. ; _c18 cm. |
||
| 500 | _aIncluye índice | ||
| 590 | _aInventariado, 2019/BT | ||
| 700 | 1 |
_aLevine, Stuart, _eed. _963809 |
|
| 700 | 1 |
_aOestreich Lurie, Nancy, _eed. _963810 |
|
| 999 |
_c36832 _d36832 |
||